| 000 | 01038nam a22002417a 4500 | ||
|---|---|---|---|
| 003 | BR-ViAPE | ||
| 005 | 20260512164339.0 | ||
| 008 | 260512s2021 porabo|gsb||| 001 0 por d | ||
| 020 | _q978-65-5389-016-9 | ||
| 040 | _cBR-ViAPE | ||
| 245 |
_aHistória dos povos indígenas no Espírito Santo: _bos Goitacá |
||
| 260 |
_aVitória _bMilfontes _c2021 |
||
| 300 |
_a144 p. _bil. _c20 cm. |
||
| 300 | _bLivro disponível em PDF | ||
| 490 |
_aColeção História dos Povos Indígenas no Espírito Santo _vv. 5 |
||
| 500 | _aLivro disponível em versão digital mediante autorização do autor. Pertence ao projeto APEES Autores Pela Memória. | ||
| 650 |
_aIndígenas _xAntropologia _xHistória _xGoitacá _zEspírito Santo (Brasil) |
||
| 651 | _aEspírito Santo (Brasil) | ||
| 700 |
_aBentivoglio, Julio _eorganizador |
||
| 700 |
_aValadares, Henrique A. _eorganizador |
||
| 856 |
_uhttps://ape.es.gov.br/Media/ape/PDF/Livros/Autores_pela_memoria/BR_APEES_05_Livro_Os_Goitaca.pdf _yCLIQUE AQUI PARA ACESSAR O DOCUMENTO |
||
| 942 |
_2ddc _cBK _n1 |
||
| 999 |
_c642 _d642 |
||